Toyota under fire : (Record no. 54691)

MARC details
000 -LEADER
fixed length control field 01317nam a22003137a 4500
005 - DATE AND TIME OF LATEST TRANSACTION
control field 20110802140845.0
008 - FIXED-LENGTH DATA ELEMENTS--GENERAL INFORMATION
fixed length control field 110802t xxu||||| |||| 00| 0 eng d
010 ## - LCCN (DPL NO)
LC control number ENG-103192
020 ## - INTERNATIONAL STANDARD BOOK NUMBER
International Standard Book Number 9780071331869
Terms of availability 425.00
020 ## - INTERNATIONAL STANDARD BOOK NUMBER
International Standard Book Number 0071331867
Terms of availability 425.00
035 ## - SYSTEM CONTROL NUMBER
System control number EN-86725
037 ## - SOURCE OF ACQUISITION
Source of stock number/acquisition DBAD / PUB
040 ## - CATALOGING SOURCE
Original cataloging agency dpl
Language of cataloging English
082 ## - DEWEY DECIMAL CLASSIFICATION NUMBER
Classification number 338.76292220952
100 ## - MAIN ENTRY--PERSONAL NAME
9 (RLIN) 29868
Personal name Liker, Jeffrey K.
245 ## - TITLE STATEMENT
Title Toyota under fire :
Statement of responsibility, etc by Jeffrey K. Liker [and] Timothy N. Ogden
Remainder of title lessons for turning crisis into opportunity /
260 ## - PUBLICATION, DISTRIBUTION, ETC. (IMPRINT)
Place of publication, distribution, etc New Delhi
Name of publisher, distributor, etc Tata McGraw Hill
Date of publication, distribution, etc 2011
270 ## - ADDRESS
Address 7, West Patel Nagar
City New Delhi
Postal code 110002
300 ## - PHYSICAL DESCRIPTION
Extent xxx,241p.
Dimensions 23cm (Hb)
500 ## - GENERAL NOTE
General note Includes index
505 ## - FORMATTED CONTENTS NOTE
Formatted contents note The most admired company in the world -- The oil crisis and the great recession -- Toyota under fire : the recall crisis -- Response and the road to recovery -- Lessons.
650 ## - SUBJECT ADDED ENTRY--TOPICAL TERM
9 (RLIN) 29869
Topical term or geographic name as entry element Corporate culture.
650 ## - SUBJECT ADDED ENTRY--TOPICAL TERM
Topical term or geographic name as entry element Organizational effectiveness.
9 (RLIN) 30832
650 ## - SUBJECT ADDED ENTRY--TOPICAL TERM
Topical term or geographic name as entry element Automobile industry and trade.
9 (RLIN) 30833
651 ## - SUBJECT ADDED ENTRY--GEOGRAPHIC NAME
9 (RLIN) 1549
700 ## - ADDED ENTRY--PERSONAL NAME
9 (RLIN) 29871
Personal name Ogden, Timothy N.
942 ## - ADDED ENTRY ELEMENTS (KOHA)
Source of classification or shelving scheme Dewey Decimal Classification
Item type English Books
Classification part 338.76292220952
Call number suffix LIK
Holdings
Withdrawn status Lost status Source of classification or shelving scheme Damaged status Not for loan Collection code Home library Current library Date acquired Source of acquisition Cost, normal purchase price Total Checkouts Full call number Barcode Date last seen Copy number Cost, replacement price Koha item type
    Dewey Decimal Classification   Not For Loan Non-fiction D.B.Act.Division D.B.Act.Division 02/08/2011 DBAD/PUB 425.00   338.76292220952 LIK EN-86725 02/08/2011 1 425.00 English Books

© Delhi Public Library
Hit Counter
free hit counter